Las necesidades nutritivas de los animales domésticos / (Record no. 111181)

MARC details
000 -LEADER
campo de control de longitud fija 00730nam a2200217 4500
001 - NÚMERO DE CONTROL
campo de control 111181
003 - IDENTIFICADOR DE NÚMERO DE CONTROL
campo de control ES-MaACL
005 - FECHA Y HORA DE LA ÚLTIMA TRANSACCIÓN
campo de control 20230906185246.0
007 - CAMPO FIJO DE DESCRIPCIÓN FÍSICA--INFORMACIÓN GENERAL
campo de control de longitud fija t|
008 - DATOS DE LONGITUD FIJA--INFORMACIÓN GENERAL
campo de control de longitud fija 061121s19671968sp r ||||1| spa d
080 ## - NÚMERO DE LA CLASIFICACIÓN DECIMAL UNIVERSAL
Número de la Clasificación Decimal Universal 636.084
245 04 - MENCIÓN DEL TÍTULO
Título Las necesidades nutritivas de los animales domésticos /
Mención de responsabilidad, etc. [S.K. Kon ... et al.] ; traducido por Rafael Sanz Arias.
260 ## - PUBLICACIÓN, DISTRIBUCIÓN, ETC.
Lugar de publicación, distribución, etc. Leon :
Nombre del editor, distribuidor, etc. Academia,
Fecha de publicación, distribución, etc. 1967-68.
300 ## - DESCRIPCIÓN FÍSICA
Extensión 3 v. :
Otras características físicas il. ;
Dimensiones 22 y 23 cm.
505 8# - NOTA DE CONTENIDO CON FORMATO
Nota de contenido con formato Contiene: 1. Aves - 2. Rumiantes - 3. Cerdos
650 #4 - PUNTO DE ACCESO ADICIONAL DE MATERIA--TÉRMINO DE MATERIA
Término de materia o nombre geográfico como elemento de entrada Animales-
Subdivisión general Alimentación.
9 (RLIN) 9829
700 1# - ENTRADA AGREGADA--NOMBRE PERSONAL
Nombre de persona Sanz Arias, Rafael.
9 (RLIN) 103607
700 1# - ENTRADA AGREGADA--NOMBRE PERSONAL
Nombre de persona Kon, S. K.
9 (RLIN) 68542
710 2# - ENTRADA AGREGADA--NOMBRE DE ENTIDAD CORPORATIVA
Nombre de entidad corporativa o nombre de jurisdicción como elemento de entrada Agricultural Research Council (Gran Bretaña)
9 (RLIN) 1270
852 4# - LOCALIZACIÓN
Ubicación ES-MaACL
Número de control de estantería P-1135
Holdings
Estatus retirado Estado de pérdida Estado de daño No para préstamo Biblioteca de origen Biblioteca actual Ubicación en estantería Fecha de adquisición Fuente de adquisición Total de préstamos Signatura topográfica completa Código de barras Visto por última vez Precio de reemplazo Tipo de ítem Koha
        Biblioteca del Ateneo de Madrid Biblioteca del Ateneo de Madrid Depósito 2 17/01/2008     P-1135 1115996 23/02/2023 23/02/2023 Libro impreso